| 000 | 00615nam a22002057a 4500 | ||
|---|---|---|---|
| 003 | BD-DhUL | ||
| 005 | 20161031174055.0 | ||
| 008 | 161031s1991 bg ||||| |||| 00| 0 ben | ||
| 040 |
_aBD-DhUL _cBD-DhUL |
||
| 082 |
_a891.447 _bKAS |
||
| 100 | 1 | _aকর, বিমল | |
| 245 | 1 | 0 |
_aসরস গল্প / _cবিমল কর |
| 250 | _a১ম সং. | ||
| 260 |
_aকলকাতা : _bআনন্দ, _c১৯৯১ |
||
| 300 |
_a২১৫ পৃ. : _bচিত্র ; _c১৯ সেমি. |
||
| 365 |
_aIRS _b25 |
||
| 650 | 0 | _aসরস গল্প | |
| 650 | 0 | _aJuicy story | |
| 942 |
_2ddc _cBK |
||
| 999 |
_c118234 _d118234 |
||